书目信息 |
| 题名: |
五宅十详
|
|
| 作者: | 福特 著 ;胡迪 , 隋心 译 | |
| 分册: | ||
| 出版信息: | 北京 中国建筑工业出版社 2014 |
|
| 页数: | 250页 | |
| 开本: | 23cm | |
| 丛书名: | ||
| 单 册: | ||
| 中图分类: | TU22 | |
| 科图分类: | ||
| 主题词: | 建筑结构--细部设计 , 细部设计 , 建筑结构 | |
| 电子资源: | ||
| ISBN: | 978-7-112-16457-8 | |
| 000 | 01168nam0 2200289 450 | |
| 001 | 142666 | |
| 005 | 20191103090134.44 | |
| 010 | @a978-7-112-16457-8@dCNY 59.00 | |
| 100 | @a20141017d2014 em y0chiy50 ea | |
| 101 | 1 | @achi@ceng |
| 102 | @aCN@b110000 | |
| 105 | @aa z 001yy | |
| 200 | 1 | @a五宅十详@9wu zhai shi xiang@b专著@dFive houses, ten details@f(美)爱德华 · R · 福特著@g隋心,胡迪译@zeng |
| 210 | @a北京@c中国建筑工业出版社@d2014 | |
| 215 | @a250页@c图@d23cm | |
| 305 | @a由美国普林斯顿建筑出版社授权出版 | |
| 330 | @a本书是作者探索建筑细部的易于理解的、个人化的记叙,深入钻研了“什么是好细部”这个问题。作者用图纸及效果图展示了他为同一个场地设计的五个住宅,而其中只有一个建成了。每个设计都询问了建筑细部的一个方面:它如何联系或脱离于场地;如何表达材料;如何揭示构造;如何强调建造;它如何有益地不协调于建筑的其他部分。 | |
| 510 | 1 | @aFive houses, ten details@zeng |
| 606 | 0 | @a建筑结构@x细部设计 |
| 606 | 0 | @a细部设计 |
| 606 | 0 | @a建筑结构 |
| 690 | @aTU22@v5 | |
| 701 | 0 | @c(美)@a福特@9fu te@c(Ford, Edward R.)@4著 |
| 702 | 0 | @a胡迪@9hu di@4译 |
| 702 | 0 | @a隋心@9sui xin@c(翻译)@4译 |
| 801 | 0 | @c20141223 |
| 905 | @a241430@dTU22@eA445 | |
| 五宅十详=Five houses, ten details/(美)爱德华 · R · 福特著/隋心,胡迪译.-北京:中国建筑工业出版社,2014 |
| 250页:图;23cm |
| ISBN 978-7-112-16457-8:CNY 59.00 |
| 本书是作者探索建筑细部的易于理解的、个人化的记叙,深入钻研了“什么是好细部”这个问题。作者用图纸及效果图展示了他为同一个场地设计的五个住宅,而其中只有一个建成了。每个设计都询问了建筑细部的一个方面:它如何联系或脱离于场地;如何表达材料;如何揭示构造;如何强调建造;它如何有益地不协调于建筑的其他部分。 |
| ● |
| 相关链接 |
|
|
|
正题名:五宅十详
索取号:TU22/A445
 
预约/预借
| 序号 | 登录号 | 条形码 | 馆藏地/架位号 | 状态 | 备注 |
| 1 | 1135545 | 211355451 | 建筑库101/101建筑库 45排4列2层/ [索取号:TU22/A445] | 在馆 | |
| 2 | 1135546 | 211355460 | 建筑与城市规划学院资料室/101建筑库 19排2列1层/ [索取号:TU22/A445] | 在馆 | |
| 3 | 1135547 | 211355479 | 建筑库101/101建筑库 45排4列2层/ [索取号:TU22/A445] | 在馆 | |
| 4 | 1231833 | 212318339 | 建筑库101/101建筑库 45排4列2层/ [索取号:TU22/A445] | 在馆 | |
| 5 | 1231834 | 212318348 | 建筑库101/101建筑库 45排4列2层/ [索取号:TU22/A445] | 在馆 | |
| 6 | 1231835 | 212318357 | 建筑库101/101建筑库 45排4列2层/ [索取号:TU22/A445] | 在馆 | |
| 7 | 1231836 | 212318366 | 建筑库101/101建筑库 45排4列2层/ [索取号:TU22/A445] | 在馆 | |
| 8 | 1231837 | 212318375 | 建筑库101/101建筑库 45排4列2层/ [索取号:TU22/A445] | 在馆 | |
| 9 | 1231838 | 212318384 | 建筑库101/101建筑库 45排4列2层/ [索取号:TU22/A445] | 在馆 |